Vybrané trendy talianskeho trhu práce

Taliansko ako súčasť Európskej únie a eurozóny. Problémy talianskeho trhu práce a hlavné oblasti zásahov talianskej vlády. Procesy globalizácie a ekonomika. Zlepšenie podmienok na trhu práce. Ekonomický rast a zvýšenie blahobytu.

Gespeichert in:
Bibliographische Detailangaben
1. Verfasser: Napolitano, Barbara
Weitere Verfasser: Novák, Martin, 1980-
Format: Buchkapitel
Sprache:Slowakisch
Schlagworte:
Tags: Tag hinzufügen
Keine Tags, Fügen Sie das erste Tag hinzu!

MARC

LEADER 00000nla$a2200000$$$4500
001 0114958
005 20240502072302.4
041 0 |a slo 
044 |a SK 
245 1 0 |a Vybrané trendy talianskeho trhu práce  |c Barbara Napolitano, Martin Novák 
520 |a Taliansko ako súčasť Európskej únie a eurozóny. Problémy talianskeho trhu práce a hlavné oblasti zásahov talianskej vlády. Procesy globalizácie a ekonomika. Zlepšenie podmienok na trhu práce. Ekonomický rast a zvýšenie blahobytu. 
610 2 0 |a Európska únia 
610 2 0 |a Taliansko 
610 2 0 |a trh práce 
610 2 0 |a globalizácia 
610 2 0 |a nezamestnanosť 
610 2 0 |a produkt domáci hrubý 
610 2 0 |a rozvoj trvalo udržateľný 
100 1 |a Napolitano, Barbara 
700 1 |a Novák, Martin, 1980-